000 00584nam a2200229Ia 4500
003 OSt
005 20221005120039.0
006 a|||||r|||| 00| 0
007 ta
008 221004b |||||||| |||| 00| 0 mal d
024 _a61965
037 _cTextual
040 _aCRL
_cCRL
_bmal
041 _2mal
_amal
082 _aY592.21, 32F3
100 _aMenon Karunakara Au.
_9628442
245 0 _aDakshina Indiayile jathikal
260 _c1923
650 _aSOCIOLOGY
942 _hY592.21, 32F3
_cTEXL
_2cc
999 _c1036712
_d1036712